| 000 | 00541nam a2200217Ia 4500 | ||
|---|---|---|---|
| 003 | OSt | ||
| 005 | 20220926041633.0 | ||
| 006 | a|||||r|||| 00| 0 | ||
| 007 | ta | ||
| 008 | 220923b |||||||| |||| 00| 0 eng d | ||
| 037 | _cGeneral Book | ||
| 040 |
_aRTL _cRTL _beng |
||
| 041 |
_2eng _aeng |
||
| 082 | _aX9:89Q, H8 | ||
| 100 | _aBethel Lawrence L | ||
| 245 | 0 | _aProduction control 1948 | |
| 250 | _a2nd | ||
| 650 | _aQuality Control | ||
| 942 |
_hX9:89Q, H8 _cGB _2CC |
||
| 999 |
_c667661 _d667661 |
||